000 00501nam a2200193Ia 4500
003 OSt
005 20230325111035.0
008 210423s2004 xx 000 0 und d
040 _cAL
041 _aeng
082 _a658 KUMN
100 _aKUMAR (Naveen);others.
_977901
245 _aEconomic environment of business.
260 _aNew Delhi
_bAffiliated East West Press Ltd
_c2004
300 _ax,504
365 _b250
_cINR
906 _abusiness. ; Economic ; environment
942 _2ddc
_cBK
999 _c155985
_d155985